00680nam a2200229Ia 4500003000900000008004100009040001300050040001300063041000800076100002300084245003600107250001000143260001200153260000900165300001100174300001100185490002400196490000800220942000700228999001700235952019800252IT-RoPAU120407s9999 xx 000 0 und d aIT-RoPAU cIT-RoPAU aita aGiorgio Del Guerra aIl fumo. Aspetti medico sociali aRoma  aStudium c1965 a117 p. c17 cm a Universale Studium v100 cBK c24583d24583 00102ddc406040_11000000000000071aPAULUSbPAULUSd2012-04-11l0o040.1100r2012-04-11 00:00:00w2012-04-11yBKzInserito da: Mario In data: 06 agosto 2011 fondo: Via A.Severo 56 Progr:12738